000 01283nam a2200325 i 4500
003 EG-GICUC
005 20260121101530.0
008 251221s2009 ua |||fr|||| 000 0 ara d
017 _a2008/23896
020 _a977-328-545-6
040 _a EG-GICUC
_bara
_c EG-GICUC
_d EG-GICUC
_erda
041 0 _aara
082 0 4 _221
_a345.4371
_bم ح . إ
092 0 4 _221
099 _aLaw1 07 345.4371 م ح . إ 2 ed - 2009
100 0 _aمحمد ماجد ياقوت.
_eمؤلف.
245 1 2 _aالإحالة الي الاحتياط في الشرطة :
_bبالمقارنة بنظام الإحالة الي الاستيداع ونظام الاجازة الاجبارية /
_cدكتور محمد ماجد ياقوت.
250 _aالطبعة الثانية
264 1 _aالإسكندرية :
_bدار الجامعة الجديدة،
_c2009.
300 _a217 صفحة ؛
_c24 سم
_bإيضاحيات، صور، مثيليات ؛
336 _2rda content
_atext
337 _2rda media
_aComputer
338 _2rda carrier
_aOnline Resource
546 _aالنص باللغة العربية
650 1 4 _aمعاشات العسكرين
_2qrmak
651 1 _2qrmak
856 4 0 _uhttps://fll.law.cu.edu.eg/fulltext/bks/B07-01749.pdf
905 _a79
942 _2ddc
_cBK
_e21
_n0
999 _c52088
_d52088